Every song on Taylor Swift's "Fearless" album by first lyric - Statistics

General Stats
  • This quiz has been taken 623 times
  • The average score is 10 of 13
Answer Stats
Hint Song % Correct
"We were both young when I first saw you" Love Story
98%
"You're on the phone with your girlfriend, she's upset" You Belong With Me
97%
"There's somethin' bout the way, the street looks when it's just rained" Fearless
95%
"You take a deep breath and you walk through the doors" Fifteen
93%
"'___ ______, I know looks can be deceiving" Hey Stephen
86%
"He is sensible and so incredible" The Way I Loved You
83%
"Say you're sorry, that face of an angel, comes out just when you need it to" White Horse
82%
"Once upon a time, I believe it was a Tuesday when I caught your eye" Forever & Always
77%
"I'm five years old, it's getting cold" The Best Day
73%
"All this time I was wasting Hoping you would come around" You're Not Sorry
66%
"I took a chance, I took a shot" Tell Me Why
65%
"I see your face in my mind as I drive away" Breathe
64%
"And it's a sad picture, the final blow hits you" Change
64%
No matching quizzes found
Score Distribution
Percent of People with Each Score
Percentile by Number Answered
Your Score History
You have not taken this quiz